Gosudarstvennyj bjudžet SSSR

Salvato in:
Dettagli Bibliografici
Natura: Libro
Lingua:russo
Pubblicazione: Moskva Gosfinizdat 1951
Tags: Aggiungi Tag
Nessun Tag, puoi essere il primo ad aggiungerne!!

MARC

LEADER 00000nam a2200000 4500
001 0314858
005 20260210083300.3
041 0 |a rus 
044 |a RU 
245 1 0 |a Gosudarstvennyj bjudžet SSSR  |c V. A. Šavrin 
264 1 |a Moskva  |b Gosfinizdat  |c 1951